000 01015nas a2200253Ia 4500
001 R455/D7414
003 IT-RoPAU
008 151124c99999999xx |||||||||||| ||und||
040 _aIT-RoPAU
040 _cIT-RoPAU
041 _aITALIANO
100 _aAA.VV.
_gCodice Aut. SPICS: 12000
210 _aJESUS
222 _aJesus
245 _aJESUS, ANNO 11-N.10 SUPPL. (OTTOBRE 1989)
_bJesus, Anno 11-N.10 Suppl. (Ottobre 1989)
250 _a1a ed.
260 _aALBA (CN)
_bPERIODICI SAN PAOLO
_c1989
501 _bPaulus - SPICS - Società San Paolo EM (non-commercial uses only)
_cCopyright2015
300 _a88 p.
362 _aANNO 011, N.10 SUPPL. (OTTOBRE 1989)
500 _aDa 75 Anni i Paolini Annunciano il Vangelo con i Mass Media: il Mondo è la Loro Parrocchia. Diventa Beato Don Timoteo Giaccardo. Preparati a Nuove Sfide. Numero Monografico con Contributi di Autori Vari. Presentazione dei Vari Rami della Famiglia Paolina.
650 _aPASTORALE
_vPUBBLICAZIONE PERIODICA
942 _cCR
999 _c129262
_d129262